Do not lose sight of the TRIG reforms (Record no. 117266)

MARC details
000 -LEADER
fixed length control field 01033cam a2200241 4500
001 - CONTROL NUMBER
control field ABS67746
008 - FIXED-LENGTH DATA ELEMENTS--GENERAL INFORMATION
fixed length control field 040428n2004 000 0 eng u
035 ## - SYSTEM CONTROL NUMBER
System control number (Sirsi) u126050
100 ## - MAIN ENTRY--PERSONAL NAME
Personal name Sanders, M.
245 ## - TITLE STATEMENT
Title Do not lose sight of the TRIG reforms
260 ## - PUBLICATION, DISTRIBUTION, ETC.
Date of publication, distribution, etc. 2004
490 ## - SERIES STATEMENT
Series statement Farmland Market
Volume/sequential designation (61) Spring 2004, 14-15(2)
520 ## - SUMMARY, ETC.
Summary, etc. Highlights the Tenancy Reform Industry Group's (TRIG) reforms which build on the Agricultural Tenancies Act 1995 and move towards greater freedom of contract in agricultural lettings. The reforms remove some of the remaining barriers to the letting of land and the diversification of tenants' businesses into non-agricultural activities.
590 ## - LOCAL NOTE (RLIN)
Local note ABS
590 ## - LOCAL NOTE (RLIN)
Local note ABS
650 ## - SUBJECT ADDED ENTRY--TOPICAL TERM
Topical term or geographic name entry element PROPERTY-LANDLORD AND TENANT-TENANCIES-AGRICULTURAL TENANCIES
650 ## - SUBJECT ADDED ENTRY--TOPICAL TERM
Topical term or geographic name entry element FARM DIVERSIFICATION
650 ## - SUBJECT ADDED ENTRY--TOPICAL TERM
Topical term or geographic name entry element AGRICULTURAL REFORM
650 ## - SUBJECT ADDED ENTRY--TOPICAL TERM
Topical term or geographic name entry element AGRICULTURAL TENANCIES ACT 1995
650 ## - SUBJECT ADDED ENTRY--TOPICAL TERM
Topical term or geographic name entry element NON-AGRICULTURAL USE
690 ## - LOCAL SUBJECT ADDED ENTRY--TOPICAL TERM (OCLC, RLIN)
Topical term or geographic name as entry element LANDLORD AND TENANT-AGRICULTURAL TENANCIES
942 ## - ADDED ENTRY ELEMENTS (KOHA)
Suppress in OPAC 0
Holdings
Withdrawn status Lost status Source of classification or shelving scheme Damaged status Not for loan Home library Current library Shelving location Date acquired Total Checkouts Full call number Barcode Date last seen Copy number Price effective from Koha item type
    Dewey Decimal Classification     London London Journal article 28/04/2004   ABS67746 126050-1001 06/08/2019 1 06/08/2019 Journal article